[Event "Open Olomouc 2005"]
[Site "?"]
[Date "2005.??.??"]
[Round "5.5"]
[White "PLISCHKI, SEBASTIAN."]
[Black "ZEBERSKI, JAKUB."]
[Result "0-1"]
[WhiteElo "2366"]
[BlackElo "2338"]
[PlyCount "76"]
[EventDate "2005.08.04"]

1. d4 d5 2. c4 e6 3. Nc3 Nf6 4. cxd5 exd5 5. Bg5 Be7 6. e3 c6 7. Bd3 O-O 8. Qc2
Nbd7 9. Nf3 Re8 10. h3 Nf8 11. Bf4 Ng6 12. Bh2 Bd6 13. Bxd6 Qxd6 14. O-O-O Be6
15. Kb1 Rac8 16. g4 c5 17. dxc5 Qxc5 18. Rc1 Qa5 19. Nd4 a6 20. f4 Bd7 21. g5
Ne4 22. Bxe4 dxe4 23. h4 Bb5 24. Ndxb5 axb5 25. h5 Ne7 26. Qb3 b4 27. Ne2 Qd5
28. Rxc8 Rxc8 29. Rd1 Qxb3 30. axb3 Nf5 31. Rd7 Rb8 32. Kc1 Nxe3 33. Re7 Rd8
34. Nd4 f5 35. Rxg7+ Kh8 36. Rxb7 Rxd4 37. Kb1 Rd1+ 38. Ka2 Nc2 0-1

[Event "Open Olomouc 2005"]
[Site "?"]
[Date "2005.??.??"]
[Round "5.7"]
[White "REUTSKY, SERGEI."]
[Black "DOBREV, NANKO."]
[Result "0-1"]
[WhiteElo "2258"]
[BlackElo "2426"]
[PlyCount "78"]
[EventDate "2005.08.04"]

1. e4 e5 2. Nf3 Nc6 3. Bb5 a6 4. Ba4 Nf6 5. O-O Be7 6. Re1 b5 7. Bb3 d6 8. c3
O-O 9. h3 Na5 10. Bc2 c5 11. d4 Qc7 12. Nbd2 cxd4 13. cxd4 Nc6 14. a3 Bd7 15.
d5 Na5 16. Nf1 Rfc8 17. Bd3 Bd8 18. Ng3 Qa7 19. Be3 Bb6 20. Nh4 g6 21. Qf3 Ne8
22. Qd1 Bxe3 23. Rxe3 Rc7 24. b4 Nc4 25. Bxc4 Rxc4 26. Nf3 Rac8 27. Nd2 R4c7
28. Nb3 Ng7 29. Rc1 Rxc1 30. Nxc1 Qd4 31. Rd3 Qb2 32. Nge2 Nh5 33. Rb3 Qa1 34.
Qd2 Nf4 35. Kh2 Rc4 36. f3 f5 37. exf5 gxf5 38. Nxf4 Rxc1 39. Ne6 f4 0-1

[Event "Open Olomouc 2005"]
[Site "?"]
[Date "2005.??.??"]
[Round "5.8"]
[White "KRAPIVIN, VLADISLAV."]
[Black "GRIGORJEV, EVGENY."]
[Result "1-0"]
[WhiteElo "2410"]
[BlackElo "2257"]
[PlyCount "65"]
[EventDate "2005.08.04"]

1. e4 d6 2. d4 Nf6 3. Nc3 g6 4. f4 Bg7 5. Nf3 c5 6. Bb5+ Bd7 7. e5 Ng4 8. e6
Bxb5 9. exf7+ Kd7 10. Nxb5 Qa5+ 11. Nc3 cxd4 12. Nxd4 h5 13. Qf3 Bxd4 14. Qxb7+
Ke6 15. Qe4+ Be5 16. fxe5 Qxe5 17. O-O Qxe4 18. Nxe4 Nc6 19. Ng5+ Kd7 20. b3
Nce5 21. Bb2 Rhf8 22. h3 Nf6 23. Bxe5 dxe5 24. Rad1+ Kc6 25. Rfe1 e4 26. Rd4
Rac8 27. c4 Rb8 28. Nxe4 Rxf7 29. Ng5 Rg7 30. Re6+ Kc5 31. Rd3 Rb6 32. a3 Rg8
33. Ne4+ 1-0

[Event "Open Olomouc 2005"]
[Site "?"]
[Date "2005.??.??"]
[Round "5.9"]
[White "TUMA, JIRI."]
[Black "ISMAGAMBETOV, ANAUR."]
[Result "0-1"]
[WhiteElo "2235"]
[BlackElo "2408"]
[PlyCount "166"]
[EventDate "2005.08.04"]

1. e4 e5 2. Nf3 Nc6 3. Be2 Nf6 4. d3 d5 5. Nbd2 Be7 6. c3 O-O 7. O-O Re8 8. b3
Bf8 9. Bb2 b6 10. Qc2 Ba6 11. Rfe1 Qd7 12. Nf1 Rad8 13. Rad1 d4 14. Ng3 Rc8 15.
Qc1 g6 16. h3 Bg7 17. Qa1 Rcd8 18. Bc1 Qe7 19. cxd4 Nxd4 20. Nxd4 exd4 21. f4
c5 22. a4 Bb7 23. Bf3 Qc7 24. Rf1 Kh8 25. Bd2 Rf8 26. Rde1 Ng8 27. Qc1 a5 28.
Qd1 Ne7 29. Qe2 f6 30. Qf2 Ba6 31. Be2 f5 32. e5 Qc6 33. h4 h5 34. Nh1 Qe6 35.
Rb1 Kh7 36. Qg3 Bh6 37. Nf2 Nd5 38. Rfc1 Rde8 39. Nd1 Qf7 40. Rc2 Rd8 41. Kh2
Rfe8 42. Bf1 Bc8 43. Qf2 Be6 44. Rcb2 Ra8 45. Kh1 Reb8 46. Rc1 Bf8 47. Qg3 Be7
48. Nf2 Qg8 49. Nh3 Qd8 50. Be1 Rc8 51. Be2 Rab8 52. Bf3 Nb4 53. Rd1 b5 54.
axb5 Rxb5 55. Ng5+ Bxg5 56. hxg5 Kg7 57. Qh3 Qe8 58. Kh2 Qf7 59. Bf2 Bxb3 60.
Re1 Be6 61. Rd2 a4 62. Ra1 Ra5 63. g3 a3 64. Qf1 a2 65. Qc1 Qa7 66. Kg2 Ra3 67.
Qd1 Qa6 68. Qc1 Nxd3 69. Qd1 Nxf2 70. Rxf2 Rd8 71. Rb2 Rxf3 72. Qxf3 Bd5 73.
Qxd5 Rxd5 74. Rbxa2 Qb5 75. e6 Kf8 76. Ra8+ Ke7 77. R8a7+ Kxe6 78. Re1+ Kd6 79.
Rae7 c4 80. R1e6+ Kc5 81. Rxg6 d3 82. Rg8 d2 83. Rc8+ Kd4 0-1

[Event "Open Olomouc 2005"]
[Site "?"]
[Date "2005.??.??"]
[Round "5.10"]
[White "MARZANO, CARLO."]
[Black "KIREEV, ALEKSEI."]
[Result "1/2-1/2"]
[WhiteElo "2201"]
[BlackElo "2396"]
[PlyCount "40"]
[EventDate "2005.08.04"]

1. d4 d6 2. e4 g6 3. Nc3 c6 4. Be3 e5 5. Qd2 Bg7 6. O-O-O Nd7 7. Nf3 Qe7 8.
dxe5 dxe5 9. g4 Ngf6 10. Rg1 O-O 11. g5 Nh5 12. Bh3 Nc5 13. Bxc8 Rfxc8 14. Qd6
Qxd6 15. Rxd6 Ne6 16. Rd7 Rcb8 17. Rgd1 Nhf4 18. Re7 Bf8 19. Red7 Bg7 20. Re7
Bf8 1/2-1/2

[Event "Open Olomouc 2005"]
[Site "?"]
[Date "2005.??.??"]
[Round "6.1"]
[White "KRYVORUCHKO, YURIY."]
[Black "SHETTY, RAHUL."]
[Result "1/2-1/2"]
[WhiteElo "2476"]
[BlackElo "2367"]
[PlyCount "98"]
[EventDate "2005.08.04"]

1. e4 c5 2. Nf3 d6 3. d4 cxd4 4. Nxd4 Nf6 5. Nc3 Nc6 6. f3 e5 7. Nb3 Be7 8. Be3
O-O 9. Qd2 a5 10. Bb5 Be6 11. Rd1 Na7 12. Bd3 Nc8 13. O-O a4 14. Nc1 Nb6 15.
Qf2 Nc4 16. Bxc4 Bxc4 17. Nd3 Qb8 18. Rfe1 Rc8 19. a3 d5 20. exd5 Nxd5 21. Nxd5
Bxd5 22. Bc5 Bxc5 23. Nxc5 Rd8 24. Nd3 f6 25. Nb4 Be6 26. Qb6 Re8 27. Rd6 Qa7
28. Red1 Kf7 29. Kf2 Qxb6+ 30. Rxb6 Re7 31. Rdd6 Ra5 32. Rd8 Rc7 33. Ke3 f5 34.
c3 g5 35. Rdd6 Re7 36. Nd3 e4 37. fxe4 fxe4 38. Nb4 Rf5 39. Rd2 Bb3 40. Rh6 Kg7
41. Rhd6 Rf1 42. R2d4 b5 43. Nc6 Re8 44. Rd7+ Kh8 45. Rd8 Rxd8 46. Nxd8 Re1+
47. Kf2 Rb1 48. Ke3 Re1+ 49. Kf2 Rb1 1/2-1/2

[Event "Open Olomouc 2005"]
[Site "?"]
[Date "2005.??.??"]
[Round "6.2"]
[White "ZEBERSKI, JAKUB."]
[Black "HERBOLD, MANFRED."]
[Result "1-0"]
[WhiteElo "2338"]
[BlackElo "2179"]
[PlyCount "53"]
[EventDate "2005.08.04"]

1. e4 e6 2. d3 d5 3. Nd2 Nf6 4. Ngf3 b6 5. c3 Be7 6. Be2 O-O 7. O-O c5 8. Qc2
Qc7 9. Re1 Ba6 10. Nf1 Nc6 11. Ng3 b5 12. a3 dxe4 13. dxe4 c4 14. Bf1 Na5 15.
e5 Nd7 16. Bg5 Bc5 17. Re4 Rfe8 18. Rh4 Nf8 19. Nh5 Ng6 20. Nxg7 Kxg7 21. Bf6+
Kg8 22. Ng5 Be7 23. Rxh7 Bxf6 24. exf6 Rf8 25. Qe2 Rfd8 26. Rg7+ Kf8 27. Nxe6+
1-0

[Event "Open Olomouc 2005"]
[Site "?"]
[Date "2005.??.??"]
[Round "6.3"]
[White "KRAPIVIN, VLADISLAV."]
[Black "OLEKSIENKO, MIKHAILO."]
[Result "1/2-1/2"]
[WhiteElo "2410"]
[BlackElo "2487"]
[PlyCount "48"]
[EventDate "2005.08.04"]

1. e4 c5 2. Nc3 Nc6 3. g3 g6 4. Bg2 Bg7 5. d3 d6 6. f4 f5 7. Nf3 Nf6 8. O-O O-O
9. Kh1 Kh8 10. Be3 Be6 11. Qd2 Qd7 12. Bg1 b6 13. Rfe1 Bg8 14. exf5 gxf5 15. d4
Nb4 16. Qe2 Rae8 17. Rad1 Qc8 18. a3 cxd4 19. Nxd4 e5 20. Ndb5 exf4 21. Qd2
Rxe1 22. Rxe1 Na6 23. Nxd6 Qd7 24. Qxf4 Nh5 1/2-1/2

[Event "Open Olomouc 2005"]
[Site "?"]
[Date "2005.??.??"]
[Round "6.4"]
[White "DOBREV, NANKO."]
[Black "KUTYNEC, VLADIMIR."]
[Result "1-0"]
[WhiteElo "2426"]
[BlackElo "2345"]
[PlyCount "48"]
[EventDate "2005.08.04"]

1. d4 Nf6 2. Nf3 b5 3. Bg5 Bb7 4. e3 b4 5. c4 e6 6. Nbd2 Be7 7. Bd3 h6 8. Bxf6
Bxf6 9. e4 c5 10. e5 Be7 11. Ne4 cxd4 12. Nxd4 O-O 13. O-O Nc6 14. Nxc6 Bxc6
15. Qg4 d5 16. Ng3 dxc4 17. Bxc4 Bc5 18. Rfd1 Qg5 19. Qxg5 hxg5 20. Rac1 Bb6
21. Bb3 Rac8 22. Rc4 Bd5 23. Rxb4 Rfd8 24. Nf1 a5 1-0

[Event "Open Olomouc 2005"]
[Site "?"]
[Date "2005.??.??"]
[Round "6.5"]
[White "ISMAGAMBETOV, ANAUR."]
[Black "KARHANEK, PAVEL."]
[Result "1-0"]
[WhiteElo "2408"]
[BlackElo "2220"]
[PlyCount "131"]
[EventDate "2005.08.04"]

1. e4 Nf6 2. e5 Nd5 3. d4 d6 4. c4 Nb6 5. exd6 exd6 6. Nc3 Be7 7. Bd3 Nc6 8.
Nge2 Bf6 9. Be3 O-O 10. O-O Nb4 11. b3 Nxd3 12. Qxd3 Re8 13. Rae1 c6 14. Ng3 d5
15. c5 Nd7 16. Bf4 Rxe1 17. Rxe1 Nf8 18. Bd6 Ne6 19. Nh5 Bd7 20. Ne2 Be7 21.
Bxe7 Qxe7 22. Qe3 Re8 23. Nhg3 Qd8 24. Qd2 Qf6 25. Rc1 Ng5 26. Qf4 Qg6 27. Nc3
h6 28. Qd2 h5 29. Qf4 Qh6 30. Kh1 h4 31. Nf1 Qh5 32. f3 Re6 33. Nd2 Re8 34. Nf1
Ne6 35. Qd2 g5 36. Re1 Qh8 37. Re5 Qf6 38. Ne3 h3 39. Ng4 hxg2+ 40. Kxg2 Qg6
41. Kg1 Kg7 42. Ne2 f6 43. Re3 Rf8 44. Kh1 Rf7 45. Nf2 Kf8 46. Qd3 Qh5 47. Qd1
Rh7 48. Qg1 Ng7 49. Ng4 Kf7 50. Qg3 Nf5 51. Qc7 Kg6 52. Qd8 Rf7 53. Rd3 Qh3 54.
Kg1 Nh4 55. Ne3 Nxf3+ 56. Kf2 Nh4 57. Qg8+ Rg7 58. Qb8 Qf3+ 59. Ke1 Ng2+ 60.
Kd2 Bg4 61. Nxg4 Qxg4 62. Qe8+ Rf7 63. Rg3 Qf5 64. Rxg2 Qb1 65. Nf4+ Kf5 66.
Qe6+ 1-0

[Event "Open Olomouc 2005"]
[Site "?"]
[Date "2005.??.??"]
[Round "6.7"]
[White "KARAVADE, EESHA."]
[Black "ZILKA, STEPAN."]
[Result "1-0"]
[WhiteElo "2370"]
[BlackElo "2323"]
[PlyCount "107"]
[EventDate "2005.08.04"]

1. Nf3 c5 2. g3 Nc6 3. d4 cxd4 4. Nxd4 Nf6 5. Bg2 e6 6. O-O Be7 7. c4 O-O 8.
Nc3 a6 9. Bf4 d5 10. cxd5 Nxd5 11. Nxd5 exd5 12. Rc1 Nxd4 13. Qxd4 Be6 14. Be5
Bf6 15. Bxf6 Qxf6 16. Qxf6 gxf6 17. Rfd1 Rac8 18. e3 Rfd8 19. b3 Rxc1 20. Rxc1
Kg7 21. Kf1 a5 22. Rd1 f5 23. Ke2 b5 24. Rc1 a4 25. Rc5 axb3 26. axb3 b4 27.
Rb5 d4 28. Rxb4 dxe3 29. Kxe3 f4+ 30. gxf4 Re8 31. Kd4 Rd8+ 32. Ke5 Re8 33. Kd4
Rd8+ 34. Kc3 Rc8+ 35. Kb2 Rd8 36. f5 Bxf5 37. Rf4 Kg6 38. h4 Rd1 39. Kc3 Rc1+
40. Kd4 Be6 41. b4 Rd1+ 42. Kc5 Rc1+ 43. Kb6 Rg1 44. Bf3 f5 45. b5 Kf6 46. Rb4
Rf1 47. Rb2 Ke5 48. Kc7 Rc1+ 49. Bc6 Rc4 50. Re2+ Kf6 51. h5 Rc3 52. Rxe6+ Kxe6
53. b6 Rb3 54. b7 1-0

[Event "Open Olomouc 2005"]
[Site "?"]
[Date "2005.??.??"]
[Round "6.8"]
[White "YAKIVCHIK, MYROSLAVA."]
[Black "PINTER, ERIK."]
[Result "0-1"]
[WhiteElo "2307"]
[BlackElo "2369"]
[PlyCount "86"]
[EventDate "2005.08.04"]

1. e4 c5 2. Nf3 d6 3. d4 cxd4 4. Qxd4 Nc6 5. Bb5 Bd7 6. Bxc6 Bxc6 7. Nc3 Nf6 8.
Bg5 e6 9. O-O-O Be7 10. Rhe1 O-O 11. Qd2 Qc7 12. Nd4 Rfd8 13. f3 Be8 14. g4
Rab8 15. Kb1 b5 16. Nf5 exf5 17. Bxf6 Bxf6 18. Nd5 Qc5 19. Nxf6+ gxf6 20. g5
Kh8 21. gxf6 Bc6 22. Rg1 Rg8 23. Rg7 Rxg7 24. fxg7+ Kg8 25. exf5 Qxf5 26. Qxd6
Rc8 27. Qe7 Bxf3 28. Rd8+ Rxd8 29. Qxd8+ Kxg7 30. Qd4+ Qf6 31. Qxa7 Be4 32.
Qg1+ Bg6 33. a3 h5 34. Ka2 Qe6+ 35. Kb1 Qe2 36. Qc5 Qxh2 37. Qxb5 Qxc2+ 38. Ka2
Qb1+ 39. Kb3 Qd1+ 40. Kb4 Qd2+ 41. Ka4 Bc2+ 42. b3 Qf4+ 43. Ka5 Qf5 0-1

[Event "Open Olomouc 2005"]
[Site "?"]
[Date "2005.??.??"]
[Round "6.9"]
[White "KIREEV, ALEKSEI."]
[Black "BERRY, NEIL."]
[Result "1-0"]
[WhiteElo "2396"]
[BlackElo "2275"]
[PlyCount "129"]
[EventDate "2005.08.04"]

1. g3 d5 2. Bg2 e5 3. d3 Be6 4. e4 c6 5. Nd2 Qd7 6. Ngf3 f6 7. O-O Na6 8. Qe2
O-O-O 9. Re1 Nh6 10. Nb3 Nf7 11. Be3 d4 12. Bc1 h5 13. Nh4 g5 14. Ng6 Rg8 15.
Nxf8 Rdxf8 16. c4 h4 17. Bd2 Nh6 18. f3 Rh8 19. g4 h3 20. Bf1 Ng8 21. Qd1 Ne7
22. Be2 Ng6 23. Kf2 Nf4 24. Bxf4 gxf4 25. Rg1 Rfg8 26. Qd2 c5 27. a3 Qc7 28.
Nc1 Kd8 29. b4 Ke7 30. Nb3 Kf7 31. Nxc5 Nxc5 32. bxc5 Qxc5 33. Qb4 b6 34. Rab1
Rc8 35. Rgc1 Bd7 36. Bd1 Kg6 37. Ke2 Kg5 38. Kd2 Rh7 39. Ba4 Be6 40. Bb5 Rhc7
41. Ke2 Rd8 42. Rc2 Rb8 43. Ra2 a5 44. Qe1 Qd6 45. Qc1 Rc5 46. Rb3 Qc7 47. Rab2
Qc8 48. Qf1 Kh4 49. Kd2 Qc7 50. Ba4 b5 51. Bxb5 Rb6 52. Ke2 Rbxb5 53. Rxb5 Rxc4
54. Qe1+ Kg5 55. dxc4 Bxc4+ 56. Kd1 Bxb5 57. Rxb5 Qc4 58. Rb8 Qd3+ 59. Kc1
Qxa3+ 60. Kb1 Qd3+ 61. Kb2 Kg6 62. Rb3 Qc4 63. Qh4 Qc6 64. Qh5+ Kg7 65. g5 1-0

[Event "Open Olomouc 2005"]
[Site "?"]
[Date "2005.??.??"]
[Round "6.10"]
[White "ZHEREBUKH, YAROSLAV."]
[Black "PLISCHKI, SEBASTIAN."]
[Result "1/2-1/2"]
[WhiteElo "2182"]
[BlackElo "2366"]
[PlyCount "106"]
[EventDate "2005.08.04"]

1. e4 c5 2. b4 cxb4 3. a3 bxa3 4. d4 d6 5. c3 Nf6 6. Bd3 e5 7. Ne2 Be7 8. O-O
O-O 9. Nxa3 Nc6 10. f4 Bg4 11. Nc2 Qc7 12. h3 Bxe2 13. Qxe2 Rfe8 14. Bd2 Bd8
15. Rae1 Rc8 16. g4 Qe7 17. g5 Nd7 18. fxe5 dxe5 19. Bc4 Rf8 20. Rxf7 Rxf7 21.
Rf1 Nxd4 22. cxd4 Rxc4 23. Qxc4 exd4 24. Nxd4 Bb6 25. Be3 Bxd4 26. Bxd4 Qxg5+
27. Kh2 Qe7 28. Bxa7 Nf8 29. Bb8 Qe6 30. Qxe6 Nxe6 31. Rb1 Kf8 32. Rb6 Nd8 33.
e5 Ke8 34. Kg3 Re7 35. h4 Re6 36. Bd6 Kd7 37. h5 Kc8 38. Kg4 g6 39. hxg6 hxg6
40. Rb5 Nf7 41. Rc5+ Kd8 42. Rc7 Nxd6 43. exd6 b6 44. Rc6 Re4+ 45. Kg5 Rb4 46.
Rc7 Rb5+ 47. Kf6 Rb1 48. Ke6 Re1+ 49. Kd5 b5 50. Rb7 Rd1+ 51. Ke6 Re1+ 52. Kd5
Rd1+ 53. Ke6 Re1+ 1/2-1/2

[Event "Open Olomouc 2005"]
[Site "?"]
[Date "2005.??.??"]
[Round "7.1"]
[White "SHETTY, RAHUL."]
[Black "ZEBERSKI, JAKUB."]
[Result "0-1"]
[WhiteElo "2367"]
[BlackElo "2338"]
[PlyCount "88"]
[EventDate "2005.08.04"]

1. e4 e5 2. Nf3 Nc6 3. Bb5 a6 4. Ba4 Nf6 5. O-O Be7 6. Re1 b5 7. Bb3 d6 8. c3
O-O 9. h3 Na5 10. Bc2 c5 11. d4 Nd7 12. b3 exd4 13. cxd4 Nc6 14. Nc3 Nb4 15.
Bb1 cxd4 16. Nxd4 Bb7 17. Bb2 g6 18. a3 Nc6 19. Nd5 Bg5 20. f4 Bh6 21. Nxc6
Bxc6 22. Qd4 f6 23. Nb4 Bb7 24. Qxd6 Nb6 25. Qe6+ Kh8 26. Nd3 Bg7 27. Nc5 Bc8
28. Qc6 Bxh3 29. gxh3 Rc8 30. Ne6 Rxc6 31. Nxd8 Rxd8 32. e5 fxe5 33. fxe5 Rd2
34. Be4 Re6 35. Rad1 Rxb2 36. Rd8+ Bf8 37. Rxf8+ Kg7 38. Rb8 Rxb3 39. Kg2 Rxa3
40. Rb7+ Kh6 41. Bf3 Nc4 42. Re4 Rxe5 43. Rh4+ Kg5 44. Rhxh7 Ne3+ 0-1

[Event "Open Olomouc 2005"]
[Site "?"]
[Date "2005.??.??"]
[Round "7.2"]
[White "OLEKSIENKO, MIKHAILO."]
[Black "KRYVORUCHKO, YURIY."]
[Result "1-0"]
[WhiteElo "2487"]
[BlackElo "2476"]
[PlyCount "83"]
[EventDate "2005.08.04"]

1. e4 c5 2. Nf3 Nc6 3. d4 cxd4 4. Nxd4 Nf6 5. Nc3 e5 6. Ndb5 d6 7. Bg5 a6 8.
Na3 b5 9. Bxf6 gxf6 10. Nd5 f5 11. Bd3 Be6 12. Qh5 Rg8 13. g3 Rg5 14. Qd1 Bxd5
15. exd5 Ne7 16. c3 Qb6 17. Nc2 Qb7 18. Ne3 f4 19. h4 Rg8 20. gxf4 exf4 21. Nf5
O-O-O 22. Nxe7+ Qxe7+ 23. Kd2 Bg7 24. Bxh7 Rge8 25. Qg4+ f5 26. Bxf5+ Kb8 27.
a3 f3 28. Be6 Qa7 29. Raf1 Rf8 30. Rh3 Bh6+ 31. Kd3 Qc7 32. Re1 Rf4 33. Qg6
Qc4+ 34. Kc2 Qc5 35. Qxh6 Qxf2+ 36. Kb3 Rdf8 37. Bf7 Qxe1 38. Qxf4 Qe2 39. Rxf3
Rxf7 40. Qxf7 Qc4+ 41. Kc2 Qe4+ 42. Kd2 1-0

[Event "Open Olomouc 2005"]
[Site "?"]
[Date "2005.??.??"]
[Round "7.3"]
[White "KARAVADE, EESHA."]
[Black "DOBREV, NANKO."]
[Result "1/2-1/2"]
[WhiteElo "2370"]
[BlackElo "2426"]
[PlyCount "86"]
[EventDate "2005.08.04"]

1. Nf3 Nf6 2. c4 e6 3. g3 d5 4. Bg2 Be7 5. O-O O-O 6. d4 dxc4 7. Qc2 a6 8. Qxc4
b5 9. Qc2 Bb7 10. Bg5 Nbd7 11. Bxf6 Nxf6 12. Nbd2 Rc8 13. Nb3 Be4 14. Qc3 Qd5
15. Rac1 Qa8 16. Qa5 Rfd8 17. Nc5 Bd5 18. Qxa6 Bxc5 19. Qxa8 Rxa8 20. Rxc5 Rxa2
21. Rxb5 Bc4 22. Rb7 Bxe2 23. Rc1 Ne8 24. Ne5 f6 25. Nc6 Rda8 26. f4 Ra1 27.
Rxa1 Rxa1+ 28. Kf2 Bh5 29. Nd8 Rc1 30. Nxe6 Rc2+ 31. Kg1 Rc1+ 32. Kf2 Rc2+ 33.
Kg1 Kf7 34. Nc5 Ke7 35. b4 f5 36. b5 Rb2 37. Bc6 Kd6 38. Rb8 Nf6 39. Rd8+ Ke7
40. Rc8 Rb1+ 41. Kg2 Rb2+ 42. Kg1 Rb1+ 43. Kg2 Rb2+ 1/2-1/2

[Event "Open Olomouc 2005"]
[Site "?"]
[Date "2005.??.??"]
[Round "7.4"]
[White "PINTER, ERIK."]
[Black "ISMAGAMBETOV, ANAUR."]
[Result "1-0"]
[WhiteElo "2369"]
[BlackElo "2408"]
[PlyCount "191"]
[EventDate "2005.08.04"]

1. e4 e5 2. Nf3 Nc6 3. Bb5 Nf6 4. O-O Nxe4 5. Re1 Nd6 6. Nxe5 Be7 7. Bf1 Nxe5
8. Rxe5 O-O 9. d4 Bf6 10. Re1 Nf5 11. d5 d6 12. Nd2 Bg5 13. g3 Bd7 14. h4 Bh6
15. Ne4 Bxc1 16. Rxc1 Re8 17. Qd2 Re5 18. c3 b6 19. Ng5 Qf6 20. Rxe5 dxe5 21.
Ne4 Qe7 22. Bg2 Rd8 23. c4 c5 24. Re1 Nd4 25. Ng5 f6 26. Nf3 Qd6 27. Nxd4 exd4
28. Kh2 Re8 29. Bh3 Rxe1 30. Qxe1 f5 31. f4 Kf7 32. Qe5 Qe7 33. Kg1 h6 34. h5
Bc8 35. Kf2 Bd7 36. Bg2 Bc8 37. Bf3 Bd7 38. Bd1 Qe8 39. Be2 Qe7 40. Bd3 Bc8 41.
Bc2 Bd7 42. Ke1 Qe8 43. Kd2 Qe7 44. a3 Qe8 45. b4 Qe7 46. b5 Bc8 47. a4 Bd7 48.
Bd1 Bc8 49. Bf3 Bd7 50. Bd1 Bc8 51. Be2 Bd7 52. Ke1 Bc8 53. Kf2 Bd7 54. Bf3 Bc8
55. d6 Qxe5 56. fxe5 Ke6 57. Bc6 Kxe5 58. d7 Bxd7 59. Bxd7 f4 60. gxf4+ Kxf4
61. Be8 Ke4 62. Bg6+ Kf4 63. Ke2 Kg4 64. Kd3 Kf3 65. Kd2 Kf4 66. Ke2 Kg3 67.
Bf5 Kf4 68. Be6 Kg3 69. Bf7 Kf4 70. Kf2 Kg4 71. Bg6 Kf4 72. Bd3 Kg4 73. Be2+
Kf4 74. Bf3 Ke5 75. Kg3 d3 76. Kf2 Kd4 77. Bd5 Kc3 78. Ke1 Kc2 79. Be4 Kc3 80.
Kd1 Kxc4 81. Kd2 Kb3 82. Bxd3 c4 83. Be2 c3+ 84. Kc1 Kxa4 85. Kc2 Kb4 86. Bf1
Kc5 87. Kxc3 Kd5 88. Kd3 Ke5 89. Ke3 Kf6 90. Kd4 Ke6 91. Bg2 Kd6 92. Bd5 Ke7
93. Ke5 Kd7 94. Bc4 Ke7 95. Be6 Kf8 96. Kd6 1-0

[Event "Open Olomouc 2005"]
[Site "?"]
[Date "2005.??.??"]
[Round "7.7"]
[White "HERBOLD, MANFRED."]
[Black "KIREEV, ALEKSEI."]
[Result "0-1"]
[WhiteElo "2179"]
[BlackElo "2396"]
[PlyCount "84"]
[EventDate "2005.08.04"]

1. Nc3 g6 2. d4 d6 3. e4 c6 4. f4 d5 5. e5 h5 6. Bd3 Nh6 7. Be3 Bf5 8. Nf3 e6
9. O-O Nd7 10. Ne2 Be7 11. h3 h4 12. b3 Bxd3 13. Qxd3 Nf5 14. Bf2 O-O 15. Kh2
Rc8 16. c4 Kg7 17. c5 Rh8 18. b4 Qc7 19. Rfb1 Rb8 20. Qc3 b6 21. a3 Rhc8 22.
Rc1 Qd8 23. Qd2 Qf8 24. Rc2 Ra8 25. Qe1 Qd8 26. Rb2 Rcb8 27. Rbb1 a5 28. b5 Rc8
29. bxc6 Rxc6 30. cxb6 Nxb6 31. Rc1 Nc4 32. Nd2 Rac8 33. Nb3 a4 34. Nc5 Bxc5
35. dxc5 Na5 36. Nd4 Nxd4 37. Bxh4 Qc7 38. Bf6+ Kf8 39. Qh4 Ke8 40. Qh7 Rxc5
41. Rxc5 Qxc5 42. Qg8+ Qf8 0-1

[Event "Open Olomouc 2005"]
[Site "?"]
[Date "2005.??.??"]
[Round "7.8"]
[White "MARZANO, CARLO."]
[Black "TANIA, SACHDEV."]
[Result "1-0"]
[WhiteElo "2201"]
[BlackElo "2343"]
[PlyCount "101"]
[EventDate "2005.08.04"]

1. d4 Nf6 2. Nf3 e6 3. Bg5 Be7 4. Nbd2 d5 5. e3 O-O 6. Bd3 b6 7. c3 c5 8. Ne5
Bb7 9. Qf3 Nfd7 10. Qh3 f5 11. Bxe7 Qxe7 12. f4 Nxe5 13. fxe5 Qg5 14. Rg1 Ba6
15. Bc2 Nc6 16. O-O-O g6 17. Rde1 Rac8 18. Nf3 Qe7 19. Qh6 cxd4 20. exd4 Nb4
21. Bb1 Rc7 22. h4 Qg7 23. Qxg7+ Kxg7 24. Kd2 Nc6 25. Ng5 Nd8 26. Nh3 h6 27.
Nf4 Kf7 28. g4 g5 29. hxg5 hxg5 30. Nh5 Rh8 31. Rh1 fxg4 32. Nf6 Rh4 33. Nxg4
Ke7 34. Rxh4 gxh4 35. Rh1 Kd7 36. Nf6+ Kc8 37. Ne8 Re7 38. Nd6+ Kb8 39. Rxh4
Rg7 40. Rh2 Nf7 41. Nxf7 Rxf7 42. Rh8+ Bc8 43. Bd3 Kc7 44. Rh7 Rxh7 45. Bxh7
Kd7 46. Ke3 Ke7 47. Kf4 Ba6 48. Kg5 Bc4 49. b3 Bf1 50. Kf4 Bh3 51. Bd3 1-0

[Event "Open Olomouc 2005"]
[Site "?"]
[Date "2005.??.??"]
[Round "8.2"]
[White "DOBREV, NANKO."]
[Black "OLEKSIENKO, MIKHAILO."]
[Result "0-1"]
[WhiteElo "2426"]
[BlackElo "2487"]
[PlyCount "84"]
[EventDate "2005.08.04"]

1. d4 Nf6 2. Nf3 e6 3. Bg5 Be7 4. e3 O-O 5. Bd3 c5 6. c3 b6 7. Qc2 h6 8. h4 Bb7
9. Nbd2 Nc6 10. Bxf6 Bxf6 11. g4 cxd4 12. exd4 Rc8 13. Qb1 Bxd4 14. g5 Be5 15.
Rg1 Kh8 16. Bb5 Bf4 17. Qe4 e5 18. gxh6 Bxh6 19. Ng5 f5 20. Qe2 Qf6 21. Ba6
Bxa6 22. Qxa6 d5 23. O-O-O d4 24. c4 e4 25. Kb1 d3 26. Rde1 Nb4 27. Qa4 Nc2 28.
Rd1 Qc6 29. Qxa7 Rc7 30. Qa6 Ra8 31. Qb5 Qxb5 32. cxb5 Nd4 33. Rge1 Rc2 34. f3
Rxd2 35. Rxd2 Bxg5 36. hxg5 Nxf3 37. Rh1+ Kg8 38. Rf2 Rc8 39. g6 d2 40. a4 e3
41. Rxf3 e2 42. Rff1 Re8 0-1

[Event "Open Olomouc 2005"]
[Site "?"]
[Date "2005.??.??"]
[Round "8.3"]
[White "KRYVORUCHKO, YURIY."]
[Black "MARZANO, CARLO."]
[Result "1-0"]
[WhiteElo "2476"]
[BlackElo "2201"]
[PlyCount "43"]
[EventDate "2005.08.04"]

1. e4 Nc6 2. Nf3 d6 3. d4 Nf6 4. Nc3 Bg4 5. d5 Ne5 6. Bb5+ Ned7 7. Be3 g6 8.
Qd2 Bxf3 9. gxf3 a6 10. Be2 Bg7 11. O-O-O O-O 12. h4 c6 13. Kb1 Rc8 14. Rdg1
Nb6 15. dxc6 Rxc6 16. h5 Nc4 17. Bxc4 Rxc4 18. Bh6 Qb6 19. hxg6 fxg6 20. Nd5
Qxb2+ 21. Kxb2 Nxe4+ 22. Bxg7 1-0

[Event "Open Olomouc 2005"]
[Site "?"]
[Date "2005.??.??"]
[Round "8.4"]
[White "KIREEV, ALEKSEI."]
[Black "SHETTY, RAHUL."]
[Result "1-0"]
[WhiteElo "2396"]
[BlackElo "2367"]
[PlyCount "113"]
[EventDate "2005.08.04"]

1. d4 Nf6 2. Nf3 e6 3. Bg5 c5 4. c3 Nc6 5. e3 h6 6. Bh4 b6 7. Nbd2 Bb7 8. Bd3
cxd4 9. cxd4 Be7 10. O-O Nh5 11. Bxe7 Qxe7 12. Qe2 O-O 13. a3 d6 14. Rac1 Rac8
15. Rc2 Nb8 16. Rfc1 Rxc2 17. Rxc2 Rc8 18. Ne4 Nf6 19. Rxc8+ Bxc8 20. Qc2 Bb7
21. Nxf6+ gxf6 22. h3 f5 23. Be2 Qd8 24. Nd2 Kf8 25. Bf3 Bxf3 26. Nxf3 Nd7 27.
d5 Nf6 28. dxe6 fxe6 29. Qc4 Qd7 30. Qf4 Kg7 31. Qg3+ Kf8 32. Qg6 Qg7 33. Qxg7+
Kxg7 34. Nd4 Kf7 35. Nb5 Ke7 36. Nxa7 Kd7 37. Kf1 e5 38. Ke2 d5 39. f4 exf4 40.
exf4 Nh5 41. Ke3 d4+ 42. Kxd4 Nxf4 43. Ke5 Nxg2 44. Kxf5 Kd6 45. b4 Kd5 46. Nc8
b5 47. Kf6 Ne3 48. Na7 Kc4 49. Kg6 Nc2 50. Kxh6 Nxa3 51. h4 Kxb4 52. h5 Kc5 53.
Nxb5 Nxb5 54. Kg6 Nc7 55. Kf5 Nd5 56. h6 Ne7+ 57. Kg5 1-0

[Event "Open Olomouc 2005"]
[Site "?"]
[Date "2005.??.??"]
[Round "8.5"]
[White "TRICKOV, VASIL."]
[Black "KARAVADE, EESHA."]
[Result "1/2-1/2"]
[WhiteElo "2319"]
[BlackElo "2370"]
[PlyCount "118"]
[EventDate "2005.08.04"]

1. d4 Nf6 2. Nf3 g6 3. g3 Bg7 4. Bg2 O-O 5. c4 d5 6. O-O dxc4 7. Na3 Nc6 8.
Nxc4 Be6 9. b3 Bd5 10. Bb2 a5 11. a4 h6 12. e3 Qd7 13. Qe2 Qe6 14. Nfd2 Bxg2
15. Kxg2 Rfd8 16. Qf3 Rab8 17. Rfc1 Qd7 18. h3 e6 19. Bc3 b6 20. Bb2 Nd5 21.
Ne4 Qe7 22. Ba3 Qe8 23. Rab1 e5 24. dxe5 Nxe5 25. Nxe5 Bxe5 26. Bb2 Bxb2 27.
Rxb2 Qe5 28. Rd2 Kg7 29. Rcd1 c6 30. Rd4 Qe7 31. g4 Nb4 32. Nd6 Nd5 33. Nc4 Re8
34. e4 Nf6 35. Nd6 Red8 36. Qe3 c5 37. R4d3 Kg8 38. e5 Ne8 39. Nc4 Qc7 40. Qd2
Rxd3 41. Qxd3 Ng7 42. Qd7 Qxd7 43. Rxd7 b5 44. Nd6 c4 45. Nxb5 cxb3 46. Rd3 Ne6
47. Rxb3 Nc5 48. Rf3 Re8 49. Nd6 Re7 50. Nc4 Nxa4 51. Ra3 Nc5 52. Rxa5 Nd3 53.
Kg3 g5 54. h4 gxh4+ 55. Kxh4 Nxf2 56. Kh5 Re6 57. Nd6 Nd3 58. Ra8+ Kh7 59. Nxf7
Nxe5 1/2-1/2

[Event "Open Olomouc 2005"]
[Site "?"]
[Date "2005.??.??"]
[Round "8.7"]
[White "SUCHOMEL, JAN."]
[Black "VENKATESH, MARANI RAJENDRAN."]
[Result "0-1"]
[WhiteElo "2250"]
[BlackElo "2435"]
[PlyCount "58"]
[EventDate "2005.08.04"]

1. e4 c5 2. d4 cxd4 3. c3 d3 4. Bxd3 Nc6 5. c4 g6 6. Nc3 Bg7 7. Be3 d6 8. Nge2
Nf6 9. f3 O-O 10. O-O Bd7 11. Qd2 Ne5 12. Rad1 a6 13. b3 b5 14. cxb5 Nxd3 15.
Qxd3 axb5 16. b4 Qb8 17. Nd4 Rc8 18. Ndxb5 Be6 19. Nd5 Nxd5 20. exd5 Bf5 21.
Qe2 Rc2 22. Rd2 Rxd2 23. Bxd2 Rxa2 24. Rc1 Bh6 25. Qxe7 Bxd2 26. Nxd6 Be3+ 27.
Kh1 Qf8 28. Qxe3 Qxd6 29. g4 Qxh2# 0-1